书目信息 |
| 题名: |
数码单反相机摄影手册
|
|
| 作者: | 蔡扬 编著 | |
| 分册: | ||
| 出版信息: | 北京 中国铁道出版社 2009 |
|
| 页数: | 10,246页 | |
| 开本: | 26cm | |
| 丛书名: | ||
| 单 册: | ||
| 中图分类: | TB852.1 | |
| 科图分类: | ||
| 主题词: | 数字照相机--单镜头反光照相机--基本知识 , 数字照相机 , 单镜头反光照相机 | |
| 电子资源: | ||
| ISBN: | 978-7-113-09761-5 | |
| 000 | 00990nam0 2200253 45 | |
| 001 | 1050951156 | |
| 005 | 20100420094505.02 | |
| 010 | @a978-7-113-09761-5@dCNY59.00 | |
| 100 | @a20100409d2009 em y0chiy0110 ea | |
| 101 | 0 | @achi |
| 102 | @aCN@b110000 | |
| 105 | @aa z 000yy | |
| 106 | @ar | |
| 200 | 1 | @a数码单反相机摄影手册@AShu Ma Dan Fan Xiang Ji She Ying Shou Ce@f蔡扬编著@FCai Yang Bian Zhu |
| 210 | @a北京@c中国铁道出版社@d2009 | |
| 215 | @a10,246页@c彩照@d26cm | |
| 330 | @a本书介绍了数码单反相机的基本操作、数码摄影的基础知识、必备的摄影美学概念和丰富的实拍技法。内容包括单反相机的发展历史、单反相机的结构、良好的拍摄姿势、保持拍摄的稳定性、白平衡与ISO感光度、对焦与拍摄模式、曝光控制、构图规则、光线运用以及周边配件与保养等。 | |
| 606 | 0 | @a数字照相机@x单镜头反光照相机@x基本知识 |
| 606 | 0 | @a数字照相机 |
| 606 | 0 | @a单镜头反光照相机 |
| 690 | @aTB852.1@v4 | |
| 701 | 0 | @a蔡扬@ACai Yang@4编著 |
| 801 | 0 | @aCN@bTANGWEI@c20100420 |
| 905 | @b0592079-82@dTB852.1@e147@f4 | |
| 数码单反相机摄影手册/蔡扬编著.-北京:中国铁道出版社,2009 |
| 10,246页:彩照;26cm |
| ISBN 978-7-113-09761-5:CNY59.00 |
| 本书介绍了数码单反相机的基本操作、数码摄影的基础知识、必备的摄影美学概念和丰富的实拍技法。内容包括单反相机的发展历史、单反相机的结构、良好的拍摄姿势、保持拍摄的稳定性、白平衡与ISO感光度、对焦与拍摄模式、曝光控制、构图规则、光线运用以及周边配件与保养等。 |
| ● |
| 相关链接 |
|
|
|
|
正题名:数码单反相机摄影手册
索取号:TB852.1/147
 
预约/预借
| 序号 | 登录号 | 条形码 | 馆藏地/架位号 | 状态 | 备注 |
| 1 | 0592079 | 205920798 | 第二样本阅览室/ [索取号:TB852.1/147] | 在馆 | |
| 2 | 0592080 | 205920805 | 第三借阅区/ [索取号:TB852.1/147] | 在馆 | |
| 3 | 0592081 | 205920814 | 密集书库-物理学院/ [索取号:TB852.1/147] | 在馆 | |
| 4 | 0592082 | 205920823 | 第三借阅区/ [索取号:TB852.1/147] | 在馆 |